Marvel Cinematic Universe Characters by Picture Quiz - Statistics

General Stats
  • This quiz has been taken 713 times
  • The average score is 15 of 16
Answer Stats
Picture Hint Answer % Correct
Chris Hemsworth Thor
100%
Robert Downey Jr. Tony Stark/Iron Man
100%
Mark Ruffalo Bruce Banner/The Hulk
99%
Scarlett Johansson Natasha Romanoff/Black Widow
99%
Chris Evans Steve Rogers/Captain America
99%
Jeremy Renner Clint Barton/Hawkeye
98%
Paul Rudd Scott Lang/Ant-Man
98%
Tom Holland Peter Parker/Spider-Man
97%
Chadwick Boseman T'Challa/Black Panther
97%
Brie Larson Carol Danvers/Captain Marvel
95%
Tom Hiddleston Loki
94%
Elizabeth Olsen Wanda Maximoff/Scarlet Witch
92%
Chris Pratt Peter Quill/Star-Lord
91%
Benedict Cumberbatch Dr. Stephen Strange
90%
Samuel L. Jackson Nick Fury
89%
Zoe Saldaña Gamora
83%
No matching quizzes found
Score Distribution
Percent of People with Each Score
Percentile by Number Answered
Your Score History
You have not taken this quiz